000 00284nam a22001337a 4500
008 170328b xxu||||| |||| 00| 0 eng d
020 _a0136883001
041 _aeng
080 _a796.3
100 _a8
101 _aSHM
245 _aBASICS OF BASKETBALL
_cBRYCE, J
942 _2udc
_cBK
999 _c8810
_d8810